Исследование взаимодействия скрещенных поляризованных металлических нитей в растворах электролитов для моделирования коагуляционных явлений, измерения потенциала нулевого заряда и постоянной сил ван-дер-ваальса: [оттиск]

Detaylı Bibliyografya
Yazar: Воропаева Т. Н.
Müşterek Yazar: Академия наук СССР (АН СССР)
Diğer Yazarlar: Дерягин Б. В., Кабанов Б. Н.
Dil:Rusça
Baskı/Yayın Bilgisi: Москва, Изд-во АН СССР, 1959
Seri Bilgileri:Доклады Академии Наук СССР Т. 128, № 5
Konular:
Materyal Türü: MixedMaterials Kitap
KOHA link:https://koha.lib.tpu.ru/cgi-bin/koha/opac-detail.pl?biblionumber=335610

MARC

LEADER 00000nam0a2200000 4500
001 335610
005 20231102004754.0
035 |a (RuTPU)RU\TPU\book\362007 
090 |a 335610 
100 |a 20170928d1959 k y0rusy50 ca 
101 0 |a rus 
102 |a RU 
105 |a a z 001zy 
200 1 |a Исследование взаимодействия скрещенных поляризованных металлических нитей в растворах электролитов для моделирования коагуляционных явлений, измерения потенциала нулевого заряда и постоянной сил ван-дер-ваальса  |e [оттиск]  |f Т. Н. Воропаева, Б. В. Дерягин, Б. Н. Кабанов  |g Академия наук СССР (АН СССР) 
210 |a Москва  |c Изд-во АН СССР  |d 1959 
215 |a 4 с.  |c ил. 
225 1 |a Доклады Академии Наук СССР  |v Т. 128, № 5 
320 |a Библиогр. в конце ст. 
606 1 |a Электрохимия  |2 stltpush  |3 (RuTPU)RU\TPU\subj\21014  |9 46066 
610 1 |a оттиски 
610 1 |a библиотека А. Г. Стромберга 
610 1 |a электролиты 
610 1 |a коагуляция 
610 1 |a моделирование 
610 1 |a измерения 
610 1 |a методика 
675 |a 544.6  |v 4 
700 1 |a Воропаева  |b Т. Н. 
701 1 |a Дерягин  |b Б. В. 
701 1 |a Кабанов  |b Б. Н. 
712 0 2 |a Академия наук СССР (АН СССР)  |c (Ленинград/Москва)  |c (1925-1991)  |2 stltpush  |3 (RuTPU)RU\TPU\col\722 
801 1 |a RU  |b 63413507  |c 20170928 
801 2 |a RU  |b 63413507  |c 20171207  |g RCR 
942 |c BK